[Event "44th Rilton Cup 2014-15"]
[Site "Stockholm SWE"]
[Date "2015.01.04"]
[Round "8.40"]
[White "Evertsson, Lennart"]
[Black "Ask, Josef"]
[Result "0-1"]
[WhiteElo "2130"]
[BlackElo "2181"]
[WhiteFideId "1705156"]
[BlackFideId "1704583"]
[EventDate "2014.12.27"]

1. e4 e6 2. Nf3 c5 3. b3 Nf6 4. Nc3 d5 5. Bd3 Nc6 6. O-O Be7 7. Re1 O-O 8. e5
Nd7 9. Bb2 a6 10. Bf1 Qc7 11. Qe2 b5 12. Nb1 Bb7 13. d3 Rae8 14. c3 f6 15. d4
fxe5 16. dxe5 Rf5 17. Nbd2 Ref8 18. a4 c4 19. axb5 axb5 20. bxc4 dxc4 21. Ba3 b4
22. cxb4 c3 23. Ne4 Rxf3 24. gxf3 Nd4 0-1

[Event "44th Rilton Cup 2014-15"]
[Site "Stockholm SWE"]
[Date "2015.01.04"]
[Round "8.41"]
[White "Rahul Kumar, Pune"]
[Black "Cafaro, Luca"]
[Result "1/2-1/2"]
[WhiteElo "2169"]
[BlackElo "2054"]
[WhiteFideId "5010969"]
[BlackFideId "859818"]
[EventDate "2014.12.27"]

1. e4 e5 2. Nf3 Nc6 3. d4 exd4 4. Nxd4 Bb4+ 5. c3 Bc5 6. Nb3 Bb6 7. c4 Qh4 8. c5
Qxe4+ 9. Be2 Bxc5 10. Nxc5 Qb4+ 11. Nc3 Qxc5 12. O-O Nge7 13. Nb5 O-O 14. Nxc7
Rb8 15. Nb5 a6 16. Be3 Qe5 17. Nd4 Nd5 18. Nxc6 dxc6 19. Ba7 Ra8 20. Bd4 Qg5 21.
Bf3 Be6 22. Re1 Rad8 23. Re5 Qh6 24. Qe2 Qg6 25. h4 Nf4 26. Qe4 Qxe4 27. Rxe4
Ng6 28. Bc5 Rfe8 29. h5 Nf8 30. Rae1 Bd7 31. Be7 Rc8 32. b4 Be6 33. Bc5 Red8 34.
Bb6 Rd2 35. a3 Rd3 36. a4 Nd7 37. Bd4 Kf8 38. Rf4 Kg8 39. Rc1 Rb3 40. Ba1 f6 41.
Re1 Kf7 42. Rfe4 Nf8 43. h6 g6 44. Rf4 Nd7 45. Rd1 Re8 46. Kh2 Ra3 47. b5 axb5
48. axb5 cxb5 49. Bxb7 g5 50. Rb4 Kg6 51. Bc6 Re7 52. Rxb5 Ra6 53. Be4+ Kxh6 54.
Kg3 Bc4 55. Rh1+ Kg7 56. Rxg5+ Kf8 57. Rg4 h5 58. Rf4 Rg7+ 59. Kh2 Rg4 60. Rxg4
hxg4 61. Bd4 Be6 62. Rd1 Ke7 63. Bc3 Ra4 64. Re1 Kf7 65. Bc2 Ra8 66. Kg3 Rc8 67.
Re3 Ne5 68. Bd1 Nc4 69. Rd3 f5 70. Kf4 Nb6 71. Be5 Nd5+ 72. Kg3 Rc4 73. Bb3 Rc5
74. Kh4 Kg6 75. f3 gxf3 76. gxf3 f4 77. Bxd5 Rxd5 78. Rxd5 1/2-1/2

[Event "44th Rilton Cup 2014-15"]
[Site "Stockholm SWE"]
[Date "2015.01.04"]
[Round "8.42"]
[White "Liedbeck, Patrik"]
[Black "Orndahl, Markus"]
[Result "1/2-1/2"]
[WhiteElo "2016"]
[BlackElo "2188"]
[WhiteFideId "1718975"]
[BlackFideId "1709135"]
[EventDate "2014.12.27"]

1. e4 e6 2. d4 d5 3. Nd2 Be7 4. e5 c5 5. c3 Nc6 6. Ndf3 Qb6 7. Bd3 Nh6 8. Ne2
Bd7 9. O-O a6 10. a3 c4 11. Bc2 Na5 12. Rb1 Nf5 13. Nf4 g6 14. g4 Ng7 15. Ng2 h6
16. h4 O-O-O 17. Be3 Rdg8 18. Qc1 g5 19. h5 Ne8 20. Qd1 Qc7 21. Qe2 Bc6 22. Nge1
Rf8 23. Bc1 Bd8 24. Ng2 Qd7 25. Re1 Bc7 26. Qd1 Bb8 27. b4 cxb3 28. Bxb3 b5 29.
Ra1 Nc7 30. Bc2 Na8 31. a4 Nc4 32. axb5 axb5 33. Ba3 Nxa3 34. Rxa3 Nb6 35. Qe2
Nc4 36. Raa1 Qb7 37. Ne3 Bc7 38. Nxc4 dxc4 39. Be4 Bxe4 40. Qxe4 Qxe4 41. Rxe4
Kb7 42. Re2 Ra8 43. Rea2 Rxa2 44. Rxa2 Bb6 45. Kf1 Rd8 46. Ke2 Rd7 47. Nd2 Bd8
48. Rb2 Kc6 49. Ra2 Kb7 50. Rb2 Kc6 51. Ra2 Kd5 52. Ke3 Rb7 53. Ra6 Bb6 54. Ne4
b4 55. Nf6+ Kc6 56. Ra4 Bd8 57. cxb4 Bxf6 58. exf6 Kb5 59. Ra1 Rd7 60. Rb1 c3
61. Kd3 c2 62. Kxc2 Rxd4 63. f3 Rf4 64. Rb3 Rxf6 65. Kd2 Rf4 66. Ke3 Rxb4 67.
Rd3 Kc6 68. Rd8 Rf4 69. Rh8 Rf6 70. Ke4 Kd6 71. Rd8+ Ke7 72. Rh8 Kd7 73. Rh7 Kd6
74. Rh8 Ke7 75. Ke3 Kd6 76. Ke4 Ke7 77. Ke3 Kd7 78. Ke4 Kd6 79. Rd8+ Ke7 80. Rh8
Rf4+ 81. Ke3 Kf6 82. Rc8 Ra4 83. Rb8 Ra1 84. Rc8 Re1+ 85. Kd2 Re5 86. Kd3 Ra5
87. Ke4 Ra4+ 88. Ke3 Kg7 89. Rc6 Ra8 90. Ke4 Rb8 91. Ra6 Rb5 92. Ra7 Rb3 93. Rc7
Rb1 94. Ke3 Kf6 95. Ra7 Rb6 96. Ra8 Rb7 97. Rc8 Kg7 98. Rc5 f6 99. Ke4 Kf7 100.
Rc8 1/2-1/2

[Event "44th Rilton Cup 2014-15"]
[Site "Stockholm SWE"]
[Date "2015.01.05"]
[Round "9.1"]
[White "Goganov, Aleksey"]
[Black "Hammer, Jon Ludvig"]
[Result "1/2-1/2"]
[WhiteTitle "GM"]
[BlackTitle "GM"]
[WhiteElo "2615"]
[BlackElo "2640"]
[WhiteFideId "24109959"]
[BlackFideId "1503707"]
[EventDate "2014.12.27"]

1. e4 e5 2. Nf3 Nc6 3. Bc4 Bc5 4. c3 Nf6 5. b4 Bb6 6. d3 d6 7. O-O Ne7 8. a4 c6
9. Bg5 Ng6 10. Nh4 Nf4 11. d4 h6 12. Bxf4 exf4 13. Re1 O-O 14. Nd2 Nxe4 15. Nxe4
d5 16. Nf3 dxc4 17. Ne5 Qd5 18. Nd2 Bc7 19. Nexc4 Bf5 20. Re7 Qd8 21. Re1 Qd5
22. Re7 Qd8 23. Re1 Qd5 1/2-1/2

[Event "44th Rilton Cup 2014-15"]
[Site "Stockholm SWE"]
[Date "2015.01.05"]
[Round "9.2"]
[White "Blomqvist, Erik"]
[Black "Hillarp Persson, Tiger"]
[Result "1/2-1/2"]
[WhiteTitle "GM"]
[BlackTitle "GM"]
[WhiteElo "2525"]
[BlackElo "2544"]
[WhiteFideId "1709437"]
[BlackFideId "1700812"]
[EventDate "2014.12.27"]

1. e4 c6 2. Nf3 d5 3. Nc3 Bg4 4. h3 Bxf3 5. Qxf3 e6 6. d4 g6 7. Bd3 Nd7 8. O-O
Bg7 9. exd5 exd5 10. Re1+ Ne7 11. Bg5 f6 12. Bd2 O-O 13. Ne2 Rf7 14. Nf4 Ne5 15.
Qg3 Nxd3 16. Qxd3 Nf5 17. Bb4 a5 18. Bc5 Qd7 19. Re2 Nd6 20. Bxd6 Qxd6 21. Ne6
Re7 22. Rae1 Rae8 23. Nc5 b6 24. Na4 b5 25. Nc5 Bf8 26. a4 bxa4 27. Rxe7 Rxe7
28. Ra1 Qb8 29. Nxa4 Re6 30. b3 Qb4 31. Nc3 f5 32. Kf1 Qb6 33. Ne2 Bd6 34. Ng1
Bc7 35. Nf3 Qb5 36. c4 Qb7 37. cxd5 cxd5 38. Rc1 Bd6 39. g3 Re7 40. Kg2 Kg7 41.
Rc2 Re8 42. Qc3 Bb4 43. Qa1 Rc8 44. Rxc8 Qxc8 45. Qa4 Qb7 46. h4 Qe7 47. Kf1 Qe4
48. Qd7+ Kh6 49. Ng5 Qh1+ 50. Ke2 Qe1+ 51. Kf3 Qh1+ 52. Ke2 Qe1+ 53. Kf3 Qh1+
54. Ke2 1/2-1/2

[Event "44th Rilton Cup 2014-15"]
[Site "Stockholm SWE"]
[Date "2015.01.05"]
[Round "9.3"]
[White "Roiz, Michael"]
[Black "Smirin, Ilia"]
[Result "1/2-1/2"]
[WhiteTitle "GM"]
[BlackTitle "GM"]
[WhiteElo "2592"]
[BlackElo "2644"]
[WhiteFideId "2804158"]
[BlackFideId "2801990"]
[EventDate "2014.12.27"]

1. Nf3 Nf6 2. c4 g6 3. g3 Bg7 4. Bg2 O-O 5. Nc3 d5 6. cxd5 Nxd5 7. O-O Nb6 8. d4
Nc6 9. d5 Na5 10. Qc2 c6 11. dxc6 Nxc6 12. Rd1 Qe8 13. Be3 Bf5 14. Qb3 Be6 15.
Qc2 Bf5 16. Qb3 Be6 17. Qc2 1/2-1/2

[Event "44th Rilton Cup 2014-15"]
[Site "Stockholm SWE"]
[Date "2015.01.05"]
[Round "9.4"]
[White "Romanov, Evgeny"]
[Black "Ivanov, Sergey"]
[Result "1/2-1/2"]
[WhiteTitle "GM"]
[BlackTitle "GM"]
[WhiteElo "2638"]
[BlackElo "2559"]
[WhiteFideId "4148843"]
[BlackFideId "4101375"]
[EventDate "2014.12.27"]

1. c4 e5 2. Nc3 Nc6 3. Nf3 f5 4. d4 e4 5. Bg5 Be7 6. Bxe7 Ncxe7 7. Nd2 Nf6 8. e3
O-O 9. Qb3 d6 10. Be2 c5 11. dxc5 dxc5 12. O-O-O Qb6 13. f3 Qxb3 14. Nxb3 b6 15.
f4 Bd7 16. Rd6 Rad8 17. Rhd1 Nc8 18. R6d2 Kf7 19. g4 fxg4 20. Nxe4 Ke7 21. Ng3
h5 22. e4 h4 23. e5 hxg3 24. exf6+ Rxf6 25. hxg3 Nd6 26. Rd5 Bf5 27. Bd3 Bxd3
28. R1xd3 Rf5 29. Re3+ Kf7 30. Red3 Ke7 31. Nd2 Rxd5 32. Rxd5 Rh8 33. Rg5 Kf6
34. Rxg4 Rh2 35. b3 g6 36. Nf3 Rxa2 37. Ne5 Kf5 38. Rxg6 Ne4 39. Rg7 Nxg3 40.
Rxg3 Kxf4 41. Kb1 Rf2 42. Rg7 1/2-1/2

[Event "44th Rilton Cup 2014-15"]
[Site "Stockholm SWE"]
[Date "2015.01.05"]
[Round "9.5"]
[White "Turov, Maxim"]
[Black "Mikhalevski, Victor"]
[Result "1-0"]
[WhiteTitle "GM"]
[BlackTitle "GM"]
[WhiteElo "2591"]
[BlackElo "2571"]
[WhiteFideId "4120086"]
[BlackFideId "2801914"]
[EventDate "2014.12.27"]

1. d4 Nf6 2. c4 e6 3. Nc3 d5 4. cxd5 exd5 5. Bg5 Be7 6. e3 c6 7. Qc2 Nbd7 8. Bd3
h6 9. Bf4 Nh5 10. Bg3 Nxg3 11. hxg3 Nf6 12. Nf3 Be6 13. O-O-O Bd6 14. Ne2 Qa5
15. Kb1 O-O-O 16. Nf4 Bg4 17. Rc1 g5 18. Ne2 Ne4 19. Nc3 Be6 20. a3 f5 21. Nb5
Kb8 22. Nxd6 Rxd6 23. Bxe4 fxe4 24. Nxg5 Qd8 25. Nxe6 Rxe6 26. Rh4 Rf8 27. Rf4
Rg6 28. Rh1 Rxf4 29. gxf4 Rxg2 30. Rxh6 Qa5 31. Rh1 Qb5 32. Qd2 a6 33. Rd1 Qb3
34. Rc1 Qb5 35. Qe1 Qd3+ 36. Ka2 Qb5 37. Qf1 Qxf1 38. Rxf1 Kc7 39. Kb3 b6 40.
Kc3 a5 41. b4 axb4+ 42. axb4 Rg8 43. b5 cxb5 44. Kb4 Ra8 45. f3 exf3 46. Rxf3
Kd6 47. f5 Ke7 48. f6+ Kf7 49. Kxb5 Rb8 50. Rf5 Ke6 51. Rf1 Kf7 52. Rf3 Rd8 53.
Kxb6 Rc8 54. Rf5 Ke6 55. Kb7 Rh8 56. Rf3 Kf7 57. Kc6 Rh5 58. Rf4 Rg5 59. e4 dxe4
60. Rxe4 Kxf6 61. d5 Rg1 62. d6 Rc1+ 63. Kb6 Rb1+ 64. Kc7 Rc1+ 65. Kd8 Ra1 66.
d7 Kf7 67. Rf4+ Kg7 68. Ke7 Re1+ 69. Kd6 Rd1+ 70. Ke6 Rd2 71. Rf5 1-0

[Event "44th Rilton Cup 2014-15"]
[Site "Stockholm SWE"]
[Date "2015.01.05"]
[Round "9.6"]
[White "Urkedal, Frode"]
[Black "Grandelius, Nils"]
[Result "1/2-1/2"]
[WhiteTitle "IM"]
[BlackTitle "GM"]
[WhiteElo "2517"]
[BlackElo "2581"]
[WhiteFideId "1506102"]
[BlackFideId "1710400"]
[EventDate "2014.12.27"]

1. d4 Nf6 2. c4 e6 3. Nf3 d5 4. Nc3 Bb4 5. e3 O-O 6. Bd3 b6 7. cxd5 exd5 8. O-O
Ba6 9. Bxa6 Nxa6 10. Qa4 Qc8 11. Bd2 Re8 12. Rac1 Bf8 13. Rfd1 c5 14. Ne2 Qb7
15. dxc5 bxc5 16. Ng3 c4 17. Bc3 Nc5 18. Qc2 Nfe4 19. Nxe4 dxe4 20. Nd4 Rac8 21.
Qe2 Nd3 22. Rc2 Rc5 23. b3 cxb3 24. Nxb3 Rc7 25. Ba1 Rxc2 26. Qxc2 Rc8 27. Qe2
Qd7 28. h3 h6 29. Nd4 Bc5 30. f3 f5 31. fxe4 fxe4 32. Qh5 Bxd4 33. Bxd4 Qe6 34.
Bxa7 Qxa2 35. Qg4 Rc1 36. Rxc1 Nxc1 37. Qxe4 Ne2+ 38. Kh2 Qf7 39. g3 Nc3 40.
Qa8+ Kh7 41. Bd4 Nd5 42. Qa2 Qf5 43. g4 Qe4 44. Qf2 Kg6 45. Qf8 Qc2+ 46. Kg3
Qc7+ 47. Kf3 Qf7+ 48. Qxf7+ Kxf7 49. Ke4 Nc7 50. h4 Ne6 51. Ke5 Nf8 52. Kd6 Ng6
53. h5 Nf8 54. e4 Ne6 55. Be3 Kf6 56. Bd2 Kf7 57. Ke5 Nc5 58. Be3 Ne6 59. Kf5
Nf8 60. e5 Ne6 61. Bf2 Ng5 62. Bh4 Ne6 63. Bf2 Ng5 64. Be3 Ne6 65. Ke4 Nf8 66.
Kd5 Ne6 67. Kd6 Nf8 68. g5 hxg5 69. Bxg5 Ne6 70. h6 gxh6 71. Bxh6 1/2-1/2

[Event "44th Rilton Cup 2014-15"]
[Site "Stockholm SWE"]
[Date "2015.01.05"]
[Round "9.7"]
[White "Krasenkow, Michal"]
[Black "Wallace, John Paul"]
[Result "1-0"]
[WhiteTitle "GM"]
[BlackTitle "IM"]
[WhiteElo "2614"]
[BlackElo "2404"]
[WhiteFideId "1113100"]
[BlackFideId "3200957"]
[EventDate "2014.12.27"]

1. Nf3 Nf6 2. d4 g6 3. c4 Bg7 4. Nc3 O-O 5. e4 d6 6. Be2 e5 7. d5 a5 8. h3 Na6
9. Bg5 Bd7 10. Nd2 c6 11. g4 Nc5 12. Be3 a4 13. b4 axb3 14. axb3 Na6 15. Qb1 c5
16. Nb5 Ne8 17. h4 f5 18. gxf5 gxf5 19. Bg5 Bf6 20. Rg1 Bxg5 21. Rxg5+ Kh8 22.
Qb2 Qf6 23. Qc3 Ng7 24. Qg3 Nb4 25. Rxa8 Rxa8 26. Bd1 Ra1 27. Qc3 Rc1 28. Qg3
Nc2+ 29. Ke2 Bxb5 30. Bxc2 Rxc2 31. cxb5 fxe4 32. Kd1 Ra2 33. Nxe4 Qf7 34. Kc1
Ra1+ 35. Kb2 Ra8 36. Qd3 b6 37. Rg1 Qa7 38. Ng5 Qa2+ 39. Kc3 Qa5+ 40. Kc2 Qa2+
41. Kd1 e4 42. Qxe4 Qxb3+ 43. Ke2 Qxb5+ 44. Kf3 Rf8+ 45. Kg2 Nf5 46. Kh1 Qd7 47.
Ne6 Rf6 48. Qg4 Qf7 49. Qa4 h6 50. Qa8+ Kh7 51. Qd8 Rxe6 52. dxe6 Qxe6 53. Rg4
Ne7 54. Rf4 Nd5 55. Rf3 Qe4 56. Qf8 Qxh4+ 57. Kg1 Qg5+ 58. Rg3 1-0

[Event "44th Rilton Cup 2014-15"]
[Site "Stockholm SWE"]
[Date "2015.01.05"]
[Round "9.8"]
[White "Tikkanen, Hans"]
[Black "Turova, Irina"]
[Result "1-0"]
[WhiteTitle "GM"]
[BlackTitle "IM"]
[WhiteElo "2551"]
[BlackElo "2421"]
[WhiteFideId "1706446"]
[BlackFideId "4120876"]
[EventDate "2014.12.27"]

1. d4 Nf6 2. c4 e6 3. Nc3 Bb4 4. Nf3 c5 5. g3 Nc6 6. Bg2 Ne4 7. Bd2 Nxd2 8. Qxd2
cxd4 9. Nxd4 O-O 10. O-O a6 11. a3 Be7 12. Na4 Rb8 13. c5 b5 14. cxb6 Nxd4 15.
Qxd4 d5 16. e4 Bd7 17. exd5 Bf6 18. Qd1 Bxa4 19. Qxa4 Bxb2 20. Rad1 Qxb6 21.
dxe6 Qxe6 22. Bd5 Qb6 23. Rd3 Bf6 24. Kg2 a5 25. Rc1 Rfe8 26. Rc6 Qb1 27. Qc4
Kh8 28. Bxf7 Rf8 29. Rd7 Qb2 30. a4 Qb4 31. Qc2 Rbd8 32. Rcc7 Rxd7 33. Rxd7 Be7
34. Ba2 Bc5 35. Bb1 1-0

[Event "44th Rilton Cup 2014-15"]
[Site "Stockholm SWE"]
[Date "2015.01.05"]
[Round "9.10"]
[White "Tari, Aryan"]
[Black "Lokander, Martin"]
[Result "1-0"]
[WhiteTitle "IM"]
[BlackTitle "FM"]
[WhiteElo "2485"]
[BlackElo "2365"]
[WhiteFideId "1510045"]
[BlackFideId "1709569"]
[EventDate "2014.12.27"]

1. e4 e5 2. Nf3 Nc6 3. Bb5 a6 4. Ba4 d6 5. c3 Nf6 6. d4 Bd7 7. Nbd2 g6 8. O-O
Qe7 9. Re1 Bg7 10. Nf1 O-O 11. h3 Rfe8 12. Bc2 Rad8 13. d5 Nb8 14. Bg5 h6 15.
Be3 Nh5 16. Qd2 Kh7 17. g4 Qf6 18. Ng5+ hxg5 19. Bxg5 Qxg5 20. Qxg5 Bf6 21. Qe3
Nf4 22. Qg3 Kg7 23. h4 Bxh4 24. Qxh4 Rh8 25. Qxd8 Rxd8 26. f3 Rh8 27. b3 Rh3 28.
Re3 Bc8 29. Rd1 Nd7 30. Rd2 Rh8 31. Rh2 Rf8 32. Ng3 c6 33. dxc6 bxc6 34. Rd2 d5
35. Ne2 Rh8 36. Nxf4 exf4 37. Re1 Rh3 38. exd5 cxd5 39. Bd1 Nf6 40. Rh2 Rg3+ 41.
Kf2 Bxg4 42. fxg4 Ne4+ 43. Kf1 Rxc3 44. Bc2 Ng3+ 45. Kg1 Kf6 46. Rd2 Kg5 47. Bd1
f3 48. Rxd5+ f5 49. gxf5 gxf5 50. Rd4 Ne4 51. Rf1 Kf4 52. Rxf3+ Rxf3 53. Bxf3
Kxf3 54. Ra4 f4 55. Rxa6 Ng3 56. a4 Ne2+ 57. Kf1 Ng3+ 58. Ke1 Kg2 59. Rg6 f3 60.
Rxg3+ 1-0

[Event "44th Rilton Cup 2014-15"]
[Site "Stockholm SWE"]
[Date "2015.01.05"]
[Round "9.11"]
[White "Sagit, Rauan"]
[Black "Smith, Axel"]
[Result "0-1"]
[WhiteTitle "FM"]
[BlackTitle "IM"]
[WhiteElo "2357"]
[BlackElo "2479"]
[WhiteFideId "1708376"]
[BlackFideId "1707930"]
[EventDate "2014.12.27"]

1. e4 c5 2. Nf3 Nc6 3. Bb5 d6 4. d4 cxd4 5. Nxd4 Bd7 6. O-O Nf6 7. Nc3 g6 8. Be3
Bg7 9. h3 O-O 10. Nf3 a6 11. Be2 b5 12. a3 Rc8 13. Qd2 Qc7 14. Bh6 Na5 15. Bxg7
Kxg7 16. Rfe1 Qb7 17. e5 dxe5 18. Nxe5 Rfd8 19. Nxd7 Rxd7 20. Qe3 Nc4 21. Bxc4
bxc4 22. Na4 Rdc7 23. Qb6 Qxb6 24. Nxb6 Rb8 25. Na4 Nd5 26. Rad1 Rb5 27. Rd4 Ra5
28. Re5 Rxa4 29. Rexd5 Rb7 30. b4 c3 31. Kf1 Rxa3 32. Ke2 Ra4 33. Rc4 Rbxb4 34.
Rxc3 Re4+ 35. Kf3 h5 36. Rd7 e5 37. Rcc7 Rf4+ 38. Ke3 Rae4+ 39. Kd3 Re1 40. f3
Rg1 41. Ra7 Rxg2 42. Rxa6 Rxf3+ 43. Ke4 Rc3 44. Kxe5 Rgxc2 45. Raa7 Rf2 46. Ra8
Re3+ 47. Kd4 Rxh3 48. Rb7 Rf4+ 49. Ke5 g5 50. Rbb8 Re3+ 51. Kd5 h4 52. Rh8 h3
53. Rag8+ Kf6 54. Rh5 Re5+ 55. Kd6 Rd4+ 56. Kc6 Rh4 57. Rxh4 gxh4 58. Rg4 Rh5
59. Rf4+ Kg5 60. Rxf7 h2 0-1

[Event "44th Rilton Cup 2014-15"]
[Site "Stockholm SWE"]
[Date "2015.01.05"]
[Round "9.12"]
[White "Hagen, Andreas Skytte"]
[Black "Percivaldi, Martin"]
[Result "1-0"]
[WhiteTitle "IM"]
[BlackTitle "FM"]
[WhiteElo "2430"]
[BlackElo "2319"]
[WhiteFideId "1407341"]
[BlackFideId "1508148"]
[EventDate "2014.12.27"]

1. c4 e5 2. g3 c6 3. d4 Bb4+ 4. Bd2 Bxd2+ 5. Qxd2 d6 6. Nc3 Nf6 7. Bg2 O-O 8. e3
Nbd7 9. Nge2 Re8 10. h3 Nf8 11. O-O a5 12. b3 Qc7 13. Rad1 Ng6 14. dxe5 dxe5 15.
Na4 Bf5 16. Qd6 Qxd6 17. Rxd6 Red8 18. Rfd1 Rxd6 19. Rxd6 Ne8 20. Rd2 Kf8 21. g4
Be6 22. f4 exf4 23. exf4 f5 24. Nc5 Bc8 25. gxf5 Nh4 26. Nd4 Kf7 27. Nde6 Nxg2
28. Kxg2 b6 29. Nd7 Bxd7 30. Rxd7+ Kf6 31. Kf3 Kxf5 32. Nxg7+ Nxg7 33. Rxg7 a4
34. Rf7+ Ke6 35. Rb7 axb3 36. axb3 Ra6 37. Ke4 Kf6 38. b4 h6 39. h4 h5 40. f5 b5
41. cxb5 cxb5 42. Rxb5 Ra1 43. Rb6+ Kf7 44. b5 Rh1 45. Ke5 Re1+ 46. Kf4 Rg1 47.
Rg6 Rb1 48. b6 Rb4+ 49. Kg5 Rb5 50. Rc6 Ke7 51. Kg6 Kd7 52. Rf6 Ke7 53. Rf7+ Kd6
54. Kxh5 Ke5 55. b7 1-0

[Event "44th Rilton Cup 2014-15"]
[Site "Stockholm SWE"]
[Date "2015.01.05"]
[Round "9.13"]
[White "Johansson, Linus"]
[Black "Shimanov, Aleksandr"]
[Result "0-1"]
[WhiteTitle "FM"]
[BlackTitle "GM"]
[WhiteElo "2391"]
[BlackElo "2591"]
[WhiteFideId "1711113"]
[BlackFideId "4198603"]
[EventDate "2014.12.27"]

1. e4 d6 2. d4 Nf6 3. Nc3 e5 4. Nf3 Nbd7 5. Bc4 Be7 6. a4 O-O 7. O-O c6 8. a5
Rb8 9. Qe2 Qc7 10. h3 b5 11. axb6 axb6 12. d5 b5 13. Bd3 cxd5 14. Nxb5 Rxb5 15.
Bxb5 dxe4 16. Nh2 d5 17. Bg5 Nc5 18. Rfd1 Bb7 19. c3 Ne6 20. Be3 Rd8 21. Ra4 Nd7
22. Ra7 Nb8 23. Ra4 f5 24. Nf1 f4 25. Bd2 Bc5 26. Be1 Rf8 27. Qg4 Qf7 28. Be2 g6
29. h4 h5 30. Qh3 f3 31. Bxf3 Nf4 32. Qg3 exf3 33. Rxf4 exf4 0-1

[Event "44th Rilton Cup 2014-15"]
[Site "Stockholm SWE"]
[Date "2015.01.05"]
[Round "9.15"]
[White "Bekker-Jensen, Simon"]
[Black "Hedman, Erik"]
[Result "1/2-1/2"]
[WhiteTitle "IM"]
[BlackTitle "FM"]
[WhiteElo "2459"]
[BlackElo "2375"]
[WhiteFideId "1403613"]
[BlackFideId "1702351"]
[EventDate "2014.12.27"]

1. e4 c5 2. Nf3 e6 3. g3 d5 4. exd5 exd5 5. d4 Nf6 6. Bg2 Be7 7. O-O O-O 8. Be3
cxd4 9. Nxd4 Bg4 10. Qd3 Nc6 11. h3 Bd7 12. Nd2 Qc8 13. Kh2 Nb4 14. Qb3 a5 15.
c4 a4 16. Qc3 dxc4 17. Qxc4 a3 18. Rfb1 Nc6 19. bxa3 Rxa3 20. N2b3 Qa8 21. Rb2
Ra4 22. Qe2 Nb4 23. Bd2 1/2-1/2

[Event "44th Rilton Cup 2014-15"]
[Site "Stockholm SWE"]
[Date "2015.01.05"]
[Round "9.16"]
[White "Couso, Luis"]
[Black "Bellia, Fabrizio"]
[Result "1/2-1/2"]
[WhiteTitle "FM"]
[BlackTitle "IM"]
[WhiteElo "2328"]
[BlackElo "2420"]
[WhiteFideId "1702920"]
[BlackFideId "800511"]
[EventDate "2014.12.27"]

1. Nf3 d5 2. g3 Nf6 3. Bg2 g6 4. c4 dxc4 5. Qa4+ c6 6. Qxc4 Bg7 7. O-O O-O 8. d3
h6 9. Qc2 Na6 10. Nc3 Qa5 11. a3 Qh5 12. b4 Bh3 13. Bb2 Nc7 14. Ne4 Nxe4 15.
dxe4 Bxg2 16. Kxg2 1/2-1/2

[Event "44th Rilton Cup 2014-15"]
[Site "Stockholm SWE"]
[Date "2015.01.05"]
[Round "9.17"]
[White "Vandenbussche, Thibaut"]
[Black "Nielsen, Hogni Egilstoft"]
[Result "1-0"]
[WhiteTitle "FM"]
[WhiteElo "2418"]
[BlackElo "2226"]
[WhiteFideId "204412"]
[BlackFideId "7200404"]
[EventDate "2014.12.27"]

1. e4 e5 2. Nf3 Nf6 3. d4 Nxe4 4. dxe5 d5 5. Nbd2 Be7 6. c3 Nc6 7. Bb5 O-O 8.
Bxc6 bxc6 9. Nxe4 dxe4 10. Qxd8 Rxd8 11. Nd4 Bd7 12. Be3 c5 13. Nb3 Bb5 14. Na5
Bd3 15. c4 Bf8 16. O-O-O Re8 17. f4 Rab8 18. Rhe1 Re6 19. Bd2 Be7 20. Bc3 Rh6
21. Re3 Ra6 22. g3 c6 23. Rexd3 exd3 24. Rxd3 Rd8 25. Rxd8+ Bxd8 26. Nb7 Be7 27.
Ba5 Kf8 28. a3 Ke8 29. Kc2 Kd7 30. Bd8 Bf8 31. Bh4 f6 32. exf6 g5 33. Bxg5 Kc7
34. Nxc5 Bxc5 35. Bh6 Kd7 36. f7 Ke6 37. f8=Q Bxf8 38. Bxf8 Kf5 39. Bc5 Kg4 40.
Kd3 Ra5 41. Kd4 h6 42. h3+ Kf5 43. b3 h5 44. a4 Ra6 45. Kc3 Ke4 46. Kb4 Kf5 47.
a5 Ke4 48. Ka4 Kf5 49. b4 Ke4 50. Kb3 h4 51. g4 Kxf4 52. Bd6+ Ke4 53. c5 1-0

[Event "44th Rilton Cup 2014-15"]
[Site "Stockholm SWE"]
[Date "2015.01.05"]
[Round "9.18"]
[White "Nielsen, Rogvi Egilstoft"]
[Black "Akesson, Ralf"]
[Result "0-1"]
[BlackTitle "GM"]
[WhiteElo "2284"]
[BlackElo "2457"]
[WhiteFideId "7200447"]
[BlackFideId "1700120"]
[EventDate "2014.12.27"]

1. e4 c6 2. d4 d5 3. exd5 cxd5 4. c4 Nf6 5. Nc3 e6 6. c5 Nc6 7. Bb5 Be7 8. Nf3
O-O 9. Bxc6 bxc6 10. Ne5 Bb7 11. Qa4 Qc8 12. Bg5 Bd8 13. O-O h6 14. Bh4 Nh7 15.
Bg3 Re8 16. Rfe1 Bc7 17. b4 f6 18. Nd3 Bxg3 19. hxg3 Ba6 20. Nf4 Bc4 21. b5 cxb5
22. Nxb5 Qc6 23. Nc3 Qxa4 24. Nxa4 e5 25. Ne2 Nf8 26. Nb2 Bxe2 27. Rxe2 exd4 28.
Rc2 Rac8 29. Nd3 Nd7 30. Rac1 Ne5 31. Nf4 Nc6 32. Nxd5 Kf7 33. Rb2 Rb8 34. Rd2
g5 35. a3 Red8 36. Nb4 Nxb4 37. axb4 Rxb4 38. c6 Rc8 39. Rc5 Rc7 40. g4 Ke6 41.
Rd3 Kd6 42. Rf5 Rf7 43. Kf1 Kxc6 44. Rdf3 Rb6 45. Ke2 Kd7 46. Rd3 Rd6 47. Kf3
Ke6 48. Ke4 Rfd7 49. Ra5 Rd5 50. Ra6+ Kf7 51. Rf3 R5d6 52. Rxd6 Rxd6 53. Ra3 a6
54. Kd3 Ke6 55. g3 Kd7 56. Ra1 Kc7 57. f4 Kb6 58. Rh1 a5 59. Rxh6 Kc5 60. Rg6 a4
61. fxg5 fxg5 62. Rxg5+ Kb4 63. Rf5 a3 64. Rf2 0-1

[Event "44th Rilton Cup 2014-15"]
[Site "Stockholm SWE"]
[Date "2015.01.05"]
[Round "9.19"]
[White "Pettersson, Anders1"]
[Black "Sjodahl, Pontus"]
[Result "0-1"]
[WhiteTitle "FM"]
[BlackTitle "IM"]
[WhiteElo "2280"]
[BlackElo "2421"]
[WhiteFideId "1709771"]
[BlackFideId "1700537"]
[EventDate "2014.12.27"]

1. d4 Nf6 2. c4 e6 3. Nf3 d5 4. Nc3 Bb4 5. Bg5 h6 6. Bxf6 Qxf6 7. e3 O-O 8. Bd3
dxc4 9. Bxc4 c5 10. O-O cxd4 11. exd4 Nc6 12. Ne4 Qf4 13. Qe2 b6 14. g3 Qg4 15.
a3 Be7 16. Rfe1 Bb7 17. Rad1 Rad8 18. b4 a5 19. b5 Na7 20. Qd3 Bxa3 21. h3 Qf5
22. Nh4 Qh5 23. Nf6+ gxf6 24. Qxa3 Nxb5 25. Qb2 Nd6 26. Qxb6 Nxc4 27. Qxb7 Qd5
28. Qe7 Kg7 29. Qc7 Rd7 30. Qf4 Rfd8 31. Rc1 Rc8 32. Qg4+ Qg5 33. Qe2 Nb6 34.
Rxc8 Nxc8 35. Nf3 Qh5 36. Kg2 Ne7 37. Rc1 Qd5 38. Rc5 Qa8 39. Qd2 a4 40. Rh5 Ng8
41. Ra5 Ra7 42. Rb5 a3 43. Qa2 Ne7 44. Rb3 Qd5 0-1